LEADER 01075nam0-22003131i-450- 001 990007875030403321 005 20040427084632.0 035 $a000787503 035 $aFED01000787503 035 $a(Aleph)000787503FED01 035 $a000787503 100 $a20040427d--------km-y0itay50------ba 101 0 $aeng 200 1 $aStudies on the dynamics of vertically falling liquid sheet flows, estratto da Fluid Dynamics, 4(2003)$fLuigi De Luca, Gennaro Coppola 205 $a1 210 $aKerala$cTransworld Research Network$d2003 700 1$aDe Luca,$bLuigi$01379 701 1$aCardone,$bGennaro$0282386 801 0$aIT$bUNINA$gRICA$2UNIMARC 901 $aBK 912 $a990007875030403321 952 $a00 EST2812(1/5)$b5550$fDETEC 952 $a00 EST2812(2/5)$b5551$fDETEC 952 $a00 EST2812(3/5)$b5552$fDETEC 952 $a00 EST2812(4/5)$b5553$fDETEC 952 $a00 EST2812(5/5)$b5554$fDETEC 959 $aDETEC 996 $aStudies on the dynamics of vertically falling liquid sheet flows, estratto da Fluid Dynamics, 4(2003$9672737 997 $aUNINA